000
00434nam a2200169Ia 4500
008
090711s9999 xx 000 0 und d
082
_b
16293
100
_a
अदवंत म. ना.
245
_a
पाठवणी
260
_c
1965
300
_a
179
600
_a
अदवंत म. ना.
630
_a
पाठवणी
700
_a
अदवंत म. ना.
730
_a
पाठवणी
942
_c
BOOK
999
_c
313475
_d
313475